Countries With Seven Letters - Statistics

General Stats
  • This quiz has been taken 641 times
    628 since last reset
  • The average score is 30 of 41
Answer Stats
Continent Answer % Correct
Europe Hungary
88%
Europe Albania
87%
Europe Germany
87%
Europe Finland
86%
Europe Ireland
85%
Europe Denmark
84%
Africa Algeria
83%
Europe Austria
83%
South America Bolivia
83%
Europe Iceland
83%
Europe Andorra
82%
Europe Belgium
82%
Europe Estonia
82%
South America Uruguay
82%
Europe Belarus
79%
Europe Croatia
78%
South America Ecuador
78%
Europe Romania
75%
Asia Armenia
74%
North America Jamaica
72%
Oceania Vanuatu
72%
Africa Nigeria
70%
Asia Vietnam
70%
Africa Morocco
69%
Europe Moldova
68%
North America Bahamas
67%
Africa Namibia
67%
Europe Ukraine
67%
Africa Tunisia
66%
Africa Burundi
65%
Asia Georgia
65%
Africa Somalia
65%
Africa Eritrea
64%
Africa Liberia
64%
Africa Senegal
62%
Asia Bahrain
61%
North America Grenada
61%
Asia Lebanon
61%
Africa Lesotho
61%
Asia Myanmar
59%
Africa Comoros
58%
No matching quizzes found
Score Distribution
Percent of People with Each Score
Percentile by Number Answered
Your Score History
You have not taken this quiz since the last reset